Music Quiz

Random Music or Rock Quiz

Where'd This Concert Occur? Quiz Stats

 Plays Quiz Updated Oct 30, 2018

Also try: Bands in Concert
Challenge
Share
Tweet
Score 0/26 Timer 08:00
6 Plays Today
% Correct
Woodstock
98%
Central Park
88.9%
Las Vegas
81%
The Ed Sullivan Show
78%
Grammy Awards
75.2%
Wembley Stadium, London
73%
Copacabana, Rio de Janeiro
63.5%
MTV Unplugged
58.4%
Toronto
58%
Shea Stadium, NYC
56.6%
San Francisco
55%
Motown
54.9%
Rhode Island
54.4%
% Correct
The Apollo Theater
54.2%
Saturday Night Live
54.1%
Apple Office Building, 3 Savile Row, London
47.1%
Britain's Got Talent
44.4%
MTV Video Music Awards
44.2%
Lollapalooza
42.8%
Hyde Park
42.2%
Madison Square Garden
42.2%
Monterey
36.1%
Asbury Park
33.6%
Glastonbury
30.9%
Moscow
27.3%
Isle of Wight
25.3%

You're not logged in!

Compare scores with friends on all Sporcle quizzes.
OR
Log In

You Might Also Like...

Show Comments

Extras

Top Quizzes Today


Score Distribution

Your Account Isn't Verified!

In order to create a playlist on Sporcle, you need to verify the email address you used during registration. Go to your Sporcle Settings to finish the process.

Report this User

Report this user for behavior that violates our Community Guidelines.

Details: